000 00638nam a2200193 4500
001 3853
005 20181127172118.0
010 0 0 _a
020 0 0 _a9789993628224
090 0 0 _a302.14 N27711b 2013
100 _aDorji, Lham.
_b
_c
_d
_e
_q
245 0 0 _aBhutan's case :
_bSocial capital, household welfare and happiness /
_cLham Dorji.
_h
260 0 0 _aThimphu :
_bNational Statistics Bureau,
_c2013.
300 0 0 _a157 p. ; 23 cm.
500 0 0 _aMonograph no 5.
650 _aHappiness
_v
_x
_y
_zBhutan.
_2
650 0 0 _aSocial capital (Sociology) --Bhutan
_x
856 _a
_uhttp://www.nsb.gov.bt/publication/files/pub3zq3114tw.pdf
_yBhutan's case.
_z
_3
999 _c3151
_d3151